First lectures in political sociology / (Record no. 35610)
[ view plain ]
| 000 -LEADER | |
|---|---|
| fixed length control field | 01122nam a22003012a 4500 |
| 001 - CONTROL NUMBER | |
| control field | 35610 |
| 003 - CONTROL NUMBER IDENTIFIER | |
| rucl marc code | BD-RjUL |
| 005 - DATE AND TIME OF LATEST TRANSACTION | |
| control field | 20211209052342.0 |
| 008 - FIXED-LENGTH DATA ELEMENTS--GENERAL INFORMATION | |
| fixed length control field | 140528r19651949nyu 001 0 eng d |
| 035 ## - SYSTEM CONTROL NUMBER | |
| System control number | (BD-RjUL)35705 |
| -- | OCLC ocm01004135 from D960530M |
| 040 ## - CATALOGING SOURCE | |
| Original cataloging agency | BUF |
| Transcribing agency | BUF |
| Modifying agency | BD-RjUL |
| Language of cataloging | eng |
| 041 ## - LANGUAGE CODE | |
| Language code of text/sound track or separate title | eng |
| 082 ## - DEWEY DECIMAL CLASSIFICATION NUMBER | |
| Classification number | 306.2 |
| Author mark and year | MIF 1965 |
| 090 ## - LOCALLY ASSIGNED LC-TYPE CALL NUMBER (OCLC); LOCAL CALL NUMBER (OCLC) | |
| Classification number (OCLC) (R) ; Classification number, CALL (RLIN) (NR) | HM33 |
| Local cutter number (OCLC) ; Book number/undivided call number, CALL (RLIN) | .M5 1965 |
| 100 1# - MAIN ENTRY--PERSONAL NAME | |
| Personal name | Michels, Robert, |
| Dates associated with a name | 1876-1936. |
| 9 (RLIN) | 108430 |
| 245 10 - TITLE STATEMENT | |
| Title | First lectures in political sociology / |
| Statement of responsibility, etc. | translated, with an introd. by Alfred de Grazia. |
| 260 ## - PUBLICATION, DISTRIBUTION, ETC. (IMPRINT) | |
| Place of publication, distribution, etc. | New York : |
| Name of publisher, distributor, etc. | Harper, |
| Date of publication, distribution, etc. | c1949 [Published 1965]. |
| 300 ## - PHYSICAL DESCRIPTION | |
| Pagination | 173 p. ; |
| Size | 23 cm. |
| 490 1# - SERIES STATEMENT | |
| Series statement | Harper torchbooks. Academy library ; |
| Volume/sequential designation | no. TB 1224G |
| 500 ## - GENERAL NOTE | |
| General note | Contains, with other papers, lectures delivered at the University of Rome and published in 1927 under title: Corso di sociologia politica |
| 504 ## - BIBLIOGRAPHY, ETC. NOTE | |
| Bibliography, etc | Bibliographical references included in "Notes." |
| Bibliography, etc | Includes index. |
| 650 #0 - SUBJECT ADDED ENTRY--TOPICAL TERM | |
| Topical term or geographic name as entry element | Political Sociology. |
| 9 (RLIN) | 108431 |
| 700 1# - ADDED ENTRY--PERSONAL NAME | |
| Personal name | De Grazia, Alfred. |
| 830 #0 - SERIES ADDED ENTRY--UNIFORM TITLE | |
| Volume number/sequential designation | no. TB 1224G |
| 830 #0 - SERIES ADDED ENTRY--UNIFORM TITLE | |
| Uniform title | Harper torchbooks. |
| 942 ## - ADDED ENTRY ELEMENTS (KOHA) | |
| Source of classification or shelving scheme | Dewey Decimal Classification |
| Koha item type | Books |
| Lost status | Source of classification or shelving scheme | Damaged status | Not for loan | Collection code | Permanent Location | Current Location | Shelving location | Date acquired | Source of acquisition | Cost, normal purchase price | Total Checkouts | Full call number | Date last seen | Copy number | Koha item type |
|---|---|---|---|---|---|---|---|---|---|---|---|---|---|---|---|
| Dewey Decimal Classification | Non-fiction | Central Library, University of Rajshahi | Central Library, University of Rajshahi | 11/04/1968 | Euro Pak. | 7.50 | 306.2 MIF 1965 | 28/05/2014 | C-4 | Books | |||||
| Dewey Decimal Classification | Non-fiction | Central Library, University of Rajshahi | Central Library, University of Rajshahi | 11/04/1968 | Euro-Pak | 7.50 | 306.2 MIF 1965 | 28/05/2014 | C-5 | Books | |||||
| Dewey Decimal Classification | Non-fiction | Central Library, University of Rajshahi | Central Library, University of Rajshahi | 29/05/2014 | 306.2 MIF 1949 | 29/05/2014 | C-3 | Books | |||||||
| Dewey Decimal Classification | Non-fiction | Central Library, University of Rajshahi | Central Library, University of Rajshahi | 11/04/1968 | Euro-Pak | 7.50 | 306.2 MIF 1965 | 11/06/2014 | C-2 | Books | |||||
| Dewey Decimal Classification | Not For Loan | Non-fiction | Central Library, University of Rajshahi | Central Library, University of Rajshahi | Reading Room | 02/12/1955 | Asia Foundation | 306.2 MIF 1949 | 20/12/2016 | C-1 | Books |